[Event "Beograd"]
[Site "Beograd"]
[Date "2014.03.03"]
[Round "1"]
[White "Stojanovic, Andjelija"]
[Black "Velikic, Adela"]
[Result "1-0"]
[WhiteElo "2295"]
[BlackElo "2078"]
[PlyCount "77"]
[EventDate "2014.??.??"]
[Source "Perpetual Check"]

1. d4 Nf6 2. Bg5 c5 3. Bxf6 gxf6 4. d5 Qb6 5. Qc1 d6 6. e3 Nd7 7. Ne2 Ne5 8.
Nf4 Bh6 9. Nc3 Bd7 10. Be2 Rg8 11. Qd2 a6 12. Rb1 Rc8 13. Ne4 c4 14. O-O Bg4
15. Ng3 Rc5 16. b4 Rc7 17. c3 Qb5 18. f3 Bc8 19. Qd4 Bg5 20. Ne4 Bxf4 21. exf4
Nd7 22. Rfe1 Qb6 23. Rbd1 Qxd4+ 24. Rxd4 b5 25. Bd1 Kf8 26. a4 f5 27. Ng3 Nf6
28. Bc2 Bb7 29. Red1 h5 30. Nxf5 Nxd5 31. Rxd5 Bxd5 32. Rxd5 e6 33. Rxd6 exf5
34. Rxa6 bxa4 35. Bxf5 Kg7 36. Rxa4 Rd8 37. Ra2 Rd1+ 38. Kf2 Kf6 39. b5 {
more moves} 1-0

[Event "Beograd"]
[Site "Beograd"]
[Date "2014.03.03"]
[Round "1"]
[White "Zarkovic, Mila"]
[Black "Vega Gutierrez, Belinda"]
[Result "0-1"]
[WhiteElo "2107"]
[BlackElo "2203"]
[PlyCount "72"]
[EventDate "2014.??.??"]
[Source "Perpetual Check"]

1. e4 e5 2. Nf3 Nc6 3. Bb5 a6 4. Ba4 Nf6 5. O-O b5 6. Bb3 Be7 7. d3 O-O 8. c3
d5 9. Qe2 Bb7 10. Rd1 d4 11. Nbd2 Bc5 12. Nf1 Re8 13. Ng5 Re7 14. Ng3 h6 15.
Nf3 Bc8 16. h3 Be6 17. Nh4 Bxb3 18. axb3 dxc3 19. bxc3 b4 20. Nhf5 Rd7 21. Nxg7
Kxg7 22. Nf5+ Kh7 23. Bxh6 bxc3 24. Bg5 Nd4 25. Nxd4 Bxd4 26. Qf3 Rd6 27. Ra4
c5 28. Qf5+ Kg7 29. Rxd4 cxd4 30. f4 Qc8 31. Qxe5 Qe6 32. Qa5 Nd7 33. Rf1 c2
34. e5 Rc6 35. f5 Qxe5 36. f6+ Kg6 0-1

[Event "Beograd"]
[Site "Beograd"]
[Date "2014.03.03"]
[Round "1"]
[White "Rakic, Marija"]
[Black "Petrenko, Svetlana"]
[Result "1-0"]
[WhiteElo "2304"]
[BlackElo "2216"]
[PlyCount "115"]
[EventDate "2014.??.??"]
[Source "Perpetual Check"]

1. d4 d5 2. c4 e6 3. Nc3 Nf6 4. Bg5 Be7 5. e3 b6 6. cxd5 exd5 7. Bd3 Bb7 8.
Nge2 h6 9. Bh4 Nbd7 10. O-O Ne4 11. Bxe7 Qxe7 12. Nf4 Nxc3 13. bxc3 Nf6 14.
Qa4+ c6 15. c4 dxc4 16. Qxc4 Qd6 17. Be2 Ne4 18. Qc2 Nf6 19. Bc4 O-O 20. Ng6
Rfe8 21. Ne5 Rxe5 22. dxe5 Qxe5 23. Qg6 Rf8 24. Qg3 Qe7 25. Rad1 c5 26. Rfe1 a6
27. Qd6 Qxd6 28. Rxd6 b5 29. Be2 Ne4 30. Rb6 Bc8 31. Rc1 b4 32. Bxa6 Nc3 33.
Bf1 Be6 34. a3 Na4 35. Ra6 Nc3 36. axb4 cxb4 37. Rb6 Na2 38. Rc7 Rd8 39. f3 Rd1
40. Kf2 b3 41. Be2 Rd2 42. Ke1 Rb2 43. g4 g6 44. h4 Rc2 45. Rcb7 Nc1 46. Bf1
Rc3 47. Kd2 Rc2+ 48. Kd1 Rc3 49. Ba6 Na2 50. Kd2 Rc2+ 51. Kd3 Rc5 52. Rxe6 fxe6
53. Bc4 Rc6 54. Kd4 Nc1 55. h5 gxh5 56. gxh5 Kf8 57. f4 e5+ 58. fxe5 1-0

[Event "Beograd"]
[Site "Beograd"]
[Date "2014.03.03"]
[Round "1"]
[White "Vega Gutierrez, Sabrina"]
[Black "Chelushkina, Irina"]
[Result "1-0"]
[WhiteElo "2379"]
[BlackElo "2261"]
[PlyCount "89"]
[EventDate "2014.??.??"]
[Source "Perpetual Check"]

1. e4 c5 2. Nf3 Nc6 3. d4 cxd4 4. Nxd4 Nf6 5. Nc3 e5 6. Ndb5 d6 7. Bg5 a6 8.
Na3 b5 9. Nd5 Be7 10. Bxf6 Bxf6 11. c4 b4 12. Nc2 Rb8 13. b3 Bg5 14. g3 O-O 15.
Bg2 f5 16. exf5 Bxf5 17. O-O Kh8 18. f4 exf4 19. gxf4 Bf6 20. Rc1 Qd7 21. Nxf6
Rxf6 22. Nd4 Ne7 23. Qf3 Qa7 24. Qf2 Qc5 25. Rcd1 Rbf8 26. Nxf5 Qxf5 27. Qb6
Rg6 28. Rf2 a5 29. Qb5 Qg4 30. Re1 Ng8 31. f5 Rg5 32. Qd5 Qh4 33. Re4 Qxf2+ 34.
Kxf2 Rfxf5+ 35. Qxf5 Rxf5+ 36. Ke3 g6 37. Re6 Nf6 38. Rxd6 Ng4+ 39. Kd4 Rf2 40.
Bd5 Rxa2 41. c5 Rd2+ 42. Ke4 Kg7 43. c6 Rc2 44. Bc4 Nf2+ 45. Kf3 1-0

[Event "Beograd"]
[Site "Beograd"]
[Date "2014.03.03"]
[Round "1"]
[White "Szczepkowska-Horowska, Karina"]
[Black "Eric, Jovana"]
[Result "1/2-1/2"]
[WhiteElo "2396"]
[BlackElo "2209"]
[PlyCount "77"]
[EventDate "2014.??.??"]
[Source "Perpetual Check"]

1. e4 c5 2. Nf3 Nc6 3. d4 cxd4 4. Nxd4 e5 5. Nb5 d6 6. c4 Be7 7. N1c3 a6 8. Na3
Be6 9. Be2 Bg5 10. O-O Bxc1 11. Rxc1 Nf6 12. Nc2 O-O 13. Qd2 Qb6 14. Rfd1 Rfd8
15. b3 Rac8 16. h3 h6 17. Bf1 Qa7 18. Qd3 Qb8 19. Nd5 Bxd5 20. exd5 Ne7 21. Ne3
b6 22. Be2 a5 23. a3 Ng6 24. g3 Qc7 25. b4 Rb8 26. Nf5 Qd7 27. Bg4 Nxg4 28.
hxg4 Ne7 29. Ne3 axb4 30. axb4 Ra8 31. c5 bxc5 32. bxc5 dxc5 33. Rxc5 Qd6 34.
Rb5 Ra3 35. Qb1 Rc3 36. Rb6 Qa3 37. Rb8 Rdc8 38. Rxc8+ Nxc8 39. Qe4 {more moves
} 1/2-1/2

[Event "Beograd"]
[Site "Beograd"]
[Date "2014.03.04"]
[Round "2"]
[White "Velikic, Adela"]
[Black "Eric, Jovana"]
[Result "1/2-1/2"]
[WhiteElo "2078"]
[BlackElo "2209"]
[PlyCount "49"]
[EventDate "2014.??.??"]
[Source "Perpetual Check"]

1. d4 Nf6 2. Nf3 g6 3. c4 Bg7 4. Nc3 d5 5. cxd5 Nxd5 6. e4 Nxc3 7. bxc3 O-O 8.
Be2 c5 9. O-O Nc6 10. Be3 Qa5 11. Qb3 Qc7 12. Rab1 Na5 13. Qa3 c4 14. Qc1 b6
15. Bf4 Qd8 16. Ne5 Bb7 17. Qe3 Rc8 18. Rfd1 Qe8 19. Bg4 e6 20. Re1 f6 21. Nf3
h5 22. Bh3 g5 23. Bxg5 fxg5 24. Qxg5 Kh7 25. Rb5 {more moves} 1/2-1/2

[Event "Beograd"]
[Site "Beograd"]
[Date "2014.03.04"]
[Round "2"]
[White "Chelushkina, Irina"]
[Black "Szczepkowska-Horowska, Karina"]
[Result "1/2-1/2"]
[WhiteElo "2261"]
[BlackElo "2396"]
[PlyCount "90"]
[EventDate "2014.??.??"]
[Source "Perpetual Check"]

1. g3 c5 2. Bg2 Nc6 3. c4 g6 4. Nc3 Bg7 5. d3 d6 6. e3 Nf6 7. Nge2 h5 8. h3 O-O
9. a3 Bd7 10. Rb1 a5 11. O-O Qc8 12. Kh2 Rb8 13. b3 h4 14. Bb2 hxg3+ 15. fxg3
Bf5 16. Nf4 Re8 17. Qd2 Kh7 18. Ncd5 Ne5 19. Nxf6+ exf6 20. e4 Be6 21. Qxa5 Rh8
22. Qe1 Kg8 23. Bxe5 fxe5 24. Nxe6 Qxe6 25. b4 Bh6 26. Qf2 b6 27. a4 Kg7 28. a5
bxa5 29. bxa5 Rxb1 30. Rxb1 Ra8 31. Rb5 Bg5 32. h4 Bd8 33. Bh3 Qf6 34. Qa2 g5
35. h5 Qf3 36. a6 Qxh5 37. g4 Qh4 38. a7 Rxa7 39. Qxa7 Qf2+ 40. Bg2 Qf4+ 41.
Kg1 Qe3+ 42. Kh1 Qc1+ 43. Kh2 Qf4+ 44. Kg1 Qe3+ 45. Kh1 Qc1+ 1/2-1/2

[Event "Beograd"]
[Site "Beograd"]
[Date "2014.03.04"]
[Round "2"]
[White "Petrenko, Svetlana"]
[Black "Vega Gutierrez, Sabrina"]
[Result "0-1"]
[WhiteElo "2216"]
[BlackElo "2379"]
[PlyCount "54"]
[EventDate "2014.??.??"]
[Source "Perpetual Check"]

1. e4 c5 2. Nf3 Nc6 3. d4 cxd4 4. Nxd4 Nf6 5. Nc3 e5 6. Ndb5 d6 7. a4 a6 8. Na3
Bg4 9. f3 Be6 10. Be3 Nb4 11. Nc4 d5 12. Bb6 Qe7 13. exd5 Nbxd5 14. Nxd5 Nxd5
15. Bf2 Rd8 16. Qc1 Qc7 17. c3 Bc5 18. Bxc5 Qxc5 19. Qg5 O-O 20. Qxe5 Rfe8 21.
O-O-O Qc6 22. a5 Qa4 23. Bd3 Nb4 24. Bb1 Rxd1+ 25. Rxd1 Bxc4 26. Qc5 Na2+ 27.
Bxa2 Qxa2 0-1

[Event "Beograd"]
[Site "Beograd"]
[Date "2014.03.04"]
[Round "2"]
[White "Vega Gutierrez, Belinda"]
[Black "Rakic, Marija"]
[Result "0-1"]
[WhiteElo "2203"]
[BlackElo "2304"]
[PlyCount "64"]
[EventDate "2014.??.??"]
[Source "Perpetual Check"]

1. e4 c5 2. Nf3 d6 3. d4 cxd4 4. Nxd4 Nf6 5. Nc3 e6 6. Be2 a6 7. f4 Be7 8. O-O
O-O 9. Kh1 Nc6 10. Be3 Bd7 11. Bf3 Qc7 12. Qe1 Nxd4 13. Bxd4 e5 14. Be3 Bc6 15.
f5 b5 16. a3 a5 17. g4 Qb7 18. Bg5 b4 19. Bxf6 Bxf6 20. axb4 axb4 21. Rxa8 Rxa8
22. Nd5 Bxd5 23. exd5 Bg5 24. b3 Qb6 25. Qe4 Qc5 26. Be2 Qc3 27. Bd3 Bf4 28.
Kg2 h6 29. Qe1 Bd2 30. Qe4 Bg5 31. Kh1 Bf4 32. Kg2 Bd2 {more moves} 0-1

[Event "Beograd"]
[Site "Beograd"]
[Date "2014.03.04"]
[Round "2"]
[White "Stojanovic, Andjelija"]
[Black "Zarkovic, Mila"]
[Result "1-0"]
[WhiteElo "2295"]
[BlackElo "2107"]
[PlyCount "62"]
[EventDate "2014.??.??"]
[Source "Perpetual Check"]

1. c4 Nf6 2. g3 c5 3. Bg2 e6 4. Nf3 b6 5. Ne5 d5 6. Qa4+ Nbd7 7. cxd5 exd5 8.
Nc3 Bb7 9. d3 a6 10. Nxd7 Qxd7 11. Qxd7+ Kxd7 12. Bg5 Be7 13. Bxf6 Bxf6 14.
Nxd5 Bxd5 15. Bxd5 Bxb2 16. Rb1 Bc3+ 17. Kf1 Rab8 18. Bxf7 Rhf8 19. Bd5 Bd4 20.
f3 b5 21. Kg2 Be3 22. Be4 h6 23. f4 g5 24. f5 g4 25. h3 gxh3+ 26. Kf3 Bg5 27.
e3 Ke7 28. Rbc1 Rfc8 29. Bd5 Kf6 30. Be6 Rc7 31. Rxh3 Rd8 1-0

[Event "Beograd"]
[Site "Beograd"]
[Date "2014.03.05"]
[Round "3"]
[White "Zarkovic, Mila"]
[Black "Velikic, Adela"]
[Result "1/2-1/2"]
[WhiteElo "2107"]
[BlackElo "2078"]
[PlyCount "40"]
[EventDate "2014.??.??"]
[Source "Perpetual Check"]

1. e4 c5 2. Nf3 d6 3. d4 cxd4 4. Nxd4 Nf6 5. Nc3 Nc6 6. Be3 Ng4 7. Bg5 h6 8.
Bh4 g5 9. Bg3 Bg7 10. Nxc6 bxc6 11. Be2 Qa5 12. O-O h5 13. h3 Nf6 14. e5 dxe5
15. Bf3 Bb7 16. Re1 Rd8 17. Qe2 g4 18. hxg4 hxg4 19. Bxg4 Rd4 20. Bf3 Nd7 {
more moves} 1/2-1/2

[Event "Beograd"]
[Site "Beograd"]
[Date "2014.03.05"]
[Round "3"]
[White "Rakic, Marija"]
[Black "Stojanovic, Andjelija"]
[Result "1/2-1/2"]
[WhiteElo "2304"]
[BlackElo "2295"]
[PlyCount "42"]
[EventDate "2014.??.??"]
[Source "Perpetual Check"]

1. d4 Nf6 2. c4 g6 3. Nc3 d5 4. cxd5 Nxd5 5. e4 Nxc3 6. bxc3 Bg7 7. Be3 c5 8.
Qd2 cxd4 9. cxd4 Nc6 10. Rd1 Bg4 11. Be2 Bxe2 12. Nxe2 Na5 13. Qb4 b6 14. O-O
O-O 15. Rc1 Qd7 16. Nf4 e6 17. d5 e5 18. Nd3 Rfc8 19. h3 Nb7 20. Qb1 Nd6 21.
Nb4 f5 {more moves} 1/2-1/2

[Event "Beograd"]
[Site "Beograd"]
[Date "2014.03.05"]
[Round "3"]
[White "Szczepkowska-Horowska, Karina"]
[Black "Petrenko, Svetlana"]
[Result "1/2-1/2"]
[WhiteElo "2396"]
[BlackElo "2216"]
[PlyCount "63"]
[EventDate "2014.??.??"]
[Source "Perpetual Check"]

1. e4 c5 2. Nf3 d6 3. d4 cxd4 4. Qxd4 Nc6 5. Bb5 Bd7 6. Bxc6 bxc6 7. O-O e5 8.
Qd3 Nf6 9. Bg5 h6 10. Bxf6 Qxf6 11. Nbd2 Be7 12. Nc4 Bg4 13. Nfd2 O-O 14. Ne3
Be6 15. c4 Rfb8 16. b3 g6 17. a3 Qg5 18. b4 f5 19. b5 f4 20. Nd1 c5 21. Nc3 Rf8
22. a4 Qh5 23. Nd5 Bd8 24. a5 g5 25. b6 Qf7 26. Rab1 axb6 27. axb6 Rb8 28. Rb5
Bxd5 29. exd5 Rxb6 30. Ne4 Qf5 31. Rxb6 Bxb6 32. Rb1 {more moves} 1/2-1/2

[Event "Beograd"]
[Site "Beograd"]
[Date "2014.03.05"]
[Round "3"]
[White "Eric, Jovana"]
[Black "Chelushkina, Irina"]
[Result "0-1"]
[WhiteElo "2209"]
[BlackElo "2261"]
[PlyCount "55"]
[EventDate "2014.??.??"]
[Source "Perpetual Check"]

1. e4 c5 2. Nf3 e6 3. d4 cxd4 4. Nxd4 Nf6 5. Nc3 Nc6 6. Be2 Bb4 7. O-O O-O 8.
Bg5 h6 9. Be3 Bxc3 10. bxc3 Nxe4 11. Qd3 d5 12. Nxc6 bxc6 13. f3 Nf6 14. Qd4
Nd7 15. f4 a5 16. f5 exf5 17. Rxf5 Nc5 18. Rh5 Ne4 19. Rf1 c5 20. Qe5 Re8 21.
Qf4 f5 22. Bb5 Nxc3 23. Bd3 Qe7 24. Bc1 c4 25. Qd4 Qa7 26. Qxa7 Rxa7 27. Bxf5
Ne2+ 28. Kh1 {more moves} 0-1

[Event "Beograd"]
[Site "Beograd"]
[Date "2014.03.06"]
[Round "4"]
[White "Velikic, Adela"]
[Black "Chelushkina, Irina"]
[Result "0-1"]
[WhiteElo "2078"]
[BlackElo "2261"]
[PlyCount "48"]
[EventDate "2014.??.??"]
[Source "Perpetual Check"]

1. e4 c5 2. Nf3 e6 3. d3 d5 4. Nbd2 Nc6 5. g3 Nf6 6. Bg2 Be7 7. O-O a5 8. Re1
a4 9. a3 O-O 10. e5 Ne8 11. Nf1 b5 12. h4 b4 13. axb4 cxb4 14. N1h2 f5 15. exf6
Nxf6 16. Bh3 e5 17. Bxc8 Qxc8 18. Nxe5 Nd4 19. c3 bxc3 20. bxc3 Qxc3 21. Bd2
Qb3 22. Nd7 Rfe8 23. Nxf6+ Bxf6 24. Rxe8+ Rxe8 0-1

[Event "Beograd"]
[Site "Beograd"]
[Date "2014.03.06"]
[Round "4"]
[White "Petrenko, Svetlana"]
[Black "Eric, Jovana"]
[Result "1/2-1/2"]
[WhiteElo "2216"]
[BlackElo "2209"]
[PlyCount "104"]
[EventDate "2014.??.??"]
[Source "Perpetual Check"]

1. e4 c5 2. Nc3 Nc6 3. f4 g6 4. Nf3 Bg7 5. Bb5 Nd4 6. Bc4 d6 7. h3 e6 8. d3 Ne7
9. O-O d5 10. Bb3 Nxb3 11. axb3 O-O 12. Qe1 b6 13. e5 Bb7 14. d4 Nf5 15. Ne2
Qc8 16. g4 Nxd4 17. Nexd4 cxd4 18. Nxd4 Re8 19. c3 f6 20. g5 fxe5 21. fxe5 Qd7
22. b4 Bc6 23. Qe2 Qc7 24. Bf4 Re7 25. h4 Be8 26. Rf3 a5 27. bxa5 bxa5 28. Bh2
Qb6 29. Raf1 Rb7 30. R1f2 Rab8 31. Qf1 Bb5 32. Qh3 Ba4 33. Qxe6+ Qxe6 34. Nxe6
Rxb2 35. Rf7 R2b7 36. Rxg7+ Rxg7 37. Nxg7 Kxg7 38. Ra2 Bc6 39. Rxa5 Rb1+ 40.
Kf2 Rb2+ 41. Kg3 Kf7 42. Bg1 Rb7 43. Ra6 Rc7 44. Bc5 Ke6 45. Kf4 Rc8 46. Bb4
Rc7 47. Rb6 Rc8 48. Ba5 Rc7 49. Ra6 Rc8 50. Bb4 Rc7 51. Bd6 Bb5 52. Bxc7+ Bxa6
1/2-1/2

[Event "Beograd"]
[Site "Beograd"]
[Date "2014.03.06"]
[Round "4"]
[White "Vega Gutierrez, Belinda"]
[Black "Szczepkowska-Horowska, Karina"]
[Result "1-0"]
[WhiteElo "2203"]
[BlackElo "2396"]
[PlyCount "73"]
[EventDate "2014.??.??"]
[Source "Perpetual Check"]

1. e4 e5 2. Nf3 Nc6 3. Bb5 a6 4. Bxc6 dxc6 5. O-O Ne7 6. Nxe5 Qd4 7. Qh5 g6 8.
Qg5 Bg7 9. Nd3 f5 10. e5 c5 11. b3 b6 12. Bb2 Qg4 13. f4 Bb7 14. Nc3 Qxg5 15.
fxg5 O-O-O 16. Ne2 Nd5 17. Rae1 Rhe8 18. Rf2 Ne7 19. Nef4 Nc6 20. e6 Nd4 21. c3
Nc6 22. Re3 Re7 23. h4 c4 24. bxc4 Na5 25. Ba3 c5 26. Nb2 Be4 27. d3 Bxc3 28.
dxe4 Bd4 29. Ree2 fxe4 30. Rxe4 Bxf2+ 31. Kxf2 Rd2+ 32. Ke3 Rd6 33. Na4 Rd1 34.
Nxb6+ Kd8 35. Bxc5 Rc7 36. e7+ Ke8 37. Nbd5 1-0

[Event "Beograd"]
[Site "Beograd"]
[Date "2014.03.06"]
[Round "4"]
[White "Stojanovic, Andjelija"]
[Black "Vega Gutierrez, Sabrina"]
[Result "0-1"]
[WhiteElo "2295"]
[BlackElo "2379"]
[PlyCount "114"]
[EventDate "2014.??.??"]
[Source "Perpetual Check"]

1. e4 e5 2. Nf3 d6 3. d4 exd4 4. Nxd4 Nf6 5. Nc3 Be7 6. Bf4 O-O 7. Qd2 a6 8.
O-O-O b5 9. f3 c5 10. Nf5 Bxf5 11. exf5 Qa5 12. Nd5 Qxd2+ 13. Rxd2 Nxd5 14.
Rxd5 Rd8 15. f6 Bxf6 16. Rxd6 Rxd6 17. Bxd6 c4 18. Be2 Nc6 19. f4 Rd8 20. Bc7
Rd7 21. Bb6 c3 22. bxc3 Bxc3 23. Bg4 Bd2+ 24. Kd1 Rd6 25. Bc7 Rd4 26. Bb6 Rxf4
27. Bf3 Bc3 28. Bxc6 Rf6 29. Bf3 Rxb6 30. Kc1 g6 31. Rd1 a5 32. Rd8+ Kg7 33.
Rc8 b4 34. Rc6 Rb5 35. Rd6 Re5 36. Rd5 Re1+ 37. Rd1 Re7 38. h3 h5 39. Rd6 a4
40. Rd3 a3 41. Rd1 h4 42. Rf1 f5 43. Rd1 Kf6 44. Rf1 Ke5 45. Be2 Kd4 46. Kd1
Re4 47. Rf3 Ke5 48. Rd3 g5 49. Rd8 Kf4 50. Rf8 Rd4+ 51. Kc1 Bb2+ 52. Kb1 Re4
53. Bd1 Re1 54. Rd8 Bc3 55. Rd3 g4 56. Kc1 Rg1 57. hxg4 fxg4 0-1

[Event "Beograd"]
[Site "Beograd"]
[Date "2014.03.06"]
[Round "4"]
[White "Zarkovic, Mila"]
[Black "Rakic, Marija"]
[Result "1/2-1/2"]
[WhiteElo "2107"]
[BlackElo "2304"]
[PlyCount "139"]
[EventDate "2014.??.??"]
[Source "Perpetual Check"]

1. e4 g6 2. d4 Bg7 3. Nc3 c6 4. Be3 Qb6 5. Rb1 d6 6. Qd2 Nf6 7. f3 O-O 8. Bc4
Qc7 9. h4 b5 10. Bb3 a5 11. a3 h5 12. Nh3 Bxh3 13. Rxh3 e5 14. Rd1 Nbd7 15.
dxe5 dxe5 16. Qd6 Qxd6 17. Rxd6 Rfc8 18. g4 Bf8 19. Rd2 Bc5 20. Bxc5 Nxc5 21.
g5 Nxb3 22. cxb3 Ne8 23. f4 exf4 24. Rf3 Nc7 25. Rxf4 Ne6 26. Rf6 Rd8 27. e5
Nd4 28. Ne4 Rd5 29. Kd1 Nf5 30. Rxd5 cxd5 31. Nd6 Ne3+ 32. Ke2 Ng4 33. Rxf7
Nxe5 34. Re7 Nc6 35. Rb7 Rf8 36. Nxb5 Rf4 37. Rb6 Re4+ 38. Kd2 Ne5 39. Rb8+ Kg7
40. Rb7+ Kf8 41. Nc7 Rxh4 42. Nxd5 Rd4+ 43. Ke3 Rxd5 44. Ke4 Rc5 45. b4 axb4
46. axb4 Nd7 47. Rxd7 Rb5 48. Kf4 Rf5+ 49. Ke4 Rxg5 50. Rb7 h4 51. b5 Rh5 52.
b6 Rb5 53. Rh7 Rxb6 54. Kf4 Kg8 55. Rxh4 Rxb2 56. Kg5 Kg7 57. Rc4 Rb5+ 58. Kg4
Kh6 59. Ra4 Rg5+ 60. Kh4 Rg1 61. Ra6 Rg2 62. Rb6 Rg1 63. Ra6 Rb1 64. Kg4 Rb4+
65. Kg3 Kh5 66. Ra5+ g5 67. Rc5 Rb3+ 68. Kg2 Kh4 69. Rc4+ g4 70. Rc2 1/2-1/2

[Event "Beograd"]
[Site "Beograd"]
[Date "2014.03.07"]
[Round "5"]
[White "Rakic, Marija"]
[Black "Velikic, Adela"]
[Result "1/2-1/2"]
[WhiteElo "2304"]
[BlackElo "2078"]
[PlyCount "109"]
[EventDate "2014.??.??"]
[Source "Perpetual Check"]

1. d4 Nf6 2. c4 c5 3. d5 b5 4. cxb5 a6 5. b6 Qxb6 6. Nc3 d6 7. Nf3 g6 8. Nd2
Bg7 9. e4 O-O 10. Be2 a5 11. Nc4 Qc7 12. a4 Ba6 13. Na3 Bxe2 14. Qxe2 Nbd7 15.
O-O Nb6 16. Nab5 Qb7 17. Bg5 Rfe8 18. Rad1 Rab8 19. Qc2 Nfd7 20. Bd2 c4 21. Be3
Rec8 22. Bd4 Bf8 23. f4 Nc5 24. Bxc5 Rxc5 25. Nd4 Bg7 26. Nc6 Rxc6 27. dxc6
Qxc6 28. e5 dxe5 29. f5 g5 30. Rd2 e4 31. Nxe4 Qxa4 32. f6 Qxc2 33. Rxc2 Bxf6
34. Nxf6+ exf6 35. Rxf6 Na4 36. Rf5 h6 37. Rxa5 Nxb2 38. h3 Rb4 39. Rc5 Kg7 40.
Rc7 Kg6 41. Rc6+ Kg7 42. Rc7 Kg6 43. Rf2 Nd3 44. Rfxf7 Rb2 45. Rfd7 Kh5 46. g3
Rb1+ 47. Kg2 Rb2+ 48. Kf1 Rb1+ 49. Ke2 Re1+ 50. Kd2 Rg1 51. g4+ Kh4 52. Rh7
Kxh3 53. Rxc4 Nf4 54. Rxh6+ Kxg4 55. Rf6 1/2-1/2

[Event "Beograd"]
[Site "Beograd"]
[Date "2014.03.07"]
[Round "5"]
[White "Vega Gutierrez, Sabrina"]
[Black "Zarkovic, Mila"]
[Result "1-0"]
[WhiteElo "2379"]
[BlackElo "2107"]
[PlyCount "63"]
[EventDate "2014.??.??"]
[Source "Perpetual Check"]

1. e4 c5 2. Nf3 e6 3. d4 cxd4 4. Nxd4 a6 5. Be2 Nf6 6. Nc3 d6 7. O-O Be7 8. f4
Qc7 9. Be3 O-O 10. g4 d5 11. e5 Ne4 12. Nxe4 dxe4 13. Qe1 Nc6 14. c3 Rd8 15.
Qf2 b5 16. a4 Nxd4 17. Bxd4 Bd7 18. a5 Qb7 19. b4 g6 20. Qe3 Bc6 21. f5 Rd7 22.
f6 Bf8 23. Rfd1 Bd5 24. Bf1 Rc8 25. Rd2 Qa8 26. Re1 h6 27. Qf4 Kh7 28. Re3 Bb7
29. Rh3 Rxd4 30. Rxd4 Rd8 31. Qe3 Qc8 32. Bg2 1-0

[Event "Beograd"]
[Site "Beograd"]
[Date "2014.03.07"]
[Round "5"]
[White "Szczepkowska-Horowska, Karina"]
[Black "Stojanovic, Andjelija"]
[Result "1-0"]
[WhiteElo "2396"]
[BlackElo "2295"]
[PlyCount "95"]
[EventDate "2014.??.??"]
[Source "Perpetual Check"]

1. e4 g6 2. d4 Bg7 3. Nc3 d5 4. exd5 Nf6 5. Bb5+ Nbd7 6. Nf3 O-O 7. d6 cxd6 8.
O-O a6 9. Bd3 b5 10. a4 b4 11. Na2 a5 12. c3 bxc3 13. bxc3 Bb7 14. Re1 e5 15.
Bb5 Qc7 16. Ba3 e4 17. Nd2 Nb6 18. c4 Bc6 19. Nc3 Rfe8 20. Bxc6 Qxc6 21. d5
Nfxd5 22. Nxd5 Bxa1 23. Qxa1 Nxd5 24. cxd5 Qxd5 25. Nf1 Qe6 26. Ne3 d5 27. Qd4
Red8 28. Bb2 f6 29. Ng4 Qxg4 30. Qxf6 d4 31. Bxd4 Rxd4 32. Qxd4 Re8 33. Qd5+
Kg7 34. Qxa5 Re7 35. Qc3+ Kf7 36. a5 Re6 37. Rb1 Rd6 38. Qb3+ Kg7 39. a6 Qd7
40. Qb7 Kf6 41. h4 Rd1+ 42. Rxd1 Qxd1+ 43. Kh2 e3 44. Qb6+ Kg7 45. fxe3 Kh6 46.
Qd4 Qc2 47. a7 Qc6 48. Qd8 1-0

[Event "Beograd"]
[Site "Beograd"]
[Date "2014.03.07"]
[Round "5"]
[White "Eric, Jovana"]
[Black "Vega Gutierrez, Belinda"]
[Result "1/2-1/2"]
[WhiteElo "2209"]
[BlackElo "2203"]
[PlyCount "138"]
[EventDate "2014.??.??"]
[Source "Perpetual Check"]

1. e4 e5 2. Nc3 Nc6 3. g3 Nf6 4. Bg2 Bc5 5. d3 d6 6. Na4 O-O 7. h3 a5 8. Nxc5
dxc5 9. Be3 Qd6 10. Ne2 Rd8 11. b3 a4 12. O-O axb3 13. axb3 Rxa1 14. Qxa1 Nd4
15. Qd1 Nd7 16. f4 f6 17. g4 exf4 18. Bxf4 Ne5 19. Kh1 Be6 20. Bg3 Ra8 21. Nf4
Bf7 22. Nd5 Ra2 23. Ne3 Qe6 24. Qb1 Ra8 25. Nd5 Qd6 26. Qb2 c6 27. Nb6 Ra6 28.
Nc4 Bxc4 29. bxc4 b5 30. cxb5 Nxb5 31. g5 Ra8 32. gxf6 gxf6 33. Qb3+ Kg7 34.
Qb1 Qd4 35. Bh4 Rf8 36. Qe1 Ng6 37. Bf2 Qe5 38. Be3 Nd4 39. Qd2 Rb8 40. c3 Nb3
41. Qa2 Rb7 42. Qa6 Rd7 43. Qxc6 Rxd3 44. Qb7+ Qe7 45. Qxb3 Rxe3 46. Qd5 Qe5
47. Qd7+ Kh6 48. c4 Re2 49. Qg4 Ra2 50. Rd1 Ra1 51. Rxa1 Qxa1+ 52. Kh2 Qe5+ 53.
Kh1 Qd4 54. Qe2 Ne5 55. Bf1 Kg5 56. Kh2 Kf4 57. Bg2 Nxc4 58. Qf3+ Ke5 59. Qg3+
Ke6 60. Qg8+ Kd6 61. Qd8+ Ke6 62. Qg8+ Kd6 63. Qd8+ Ke5 64. Qe7+ Kf4 65. Qxh7
Ke3 66. Qh4 Qe5+ 67. Kg1 Qa1+ 68. Kh2 Qe5+ 69. Kg1 Qa1+ 1/2-1/2

[Event "Beograd"]
[Site "Beograd"]
[Date "2014.03.07"]
[Round "5"]
[White "Chelushkina, Irina"]
[Black "Petrenko, Svetlana"]
[Result "1-0"]
[WhiteElo "2261"]
[BlackElo "2216"]
[PlyCount "69"]
[EventDate "2014.??.??"]
[Source "Perpetual Check"]

1. g3 g6 2. Bg2 Bg7 3. d4 d5 4. Nf3 Nf6 5. O-O Ne4 6. c4 e6 7. Nc3 O-O 8. Be3
Nxc3 9. bxc3 Nd7 10. c5 c6 11. Rc1 b5 12. Bf4 f6 13. Bd6 Re8 14. Ne1 Bf8 15.
Bxf8 Nxf8 16. e4 a5 17. Nd3 Ba6 18. Re1 b4 19. Nb2 bxc3 20. Na4 Rb8 21. Nxc3
Bc4 22. Qa4 Bb5 23. Nxb5 cxb5 24. Qc2 dxe4 25. Qxe4 b4 26. c6 Qc7 27. Qf4 Qxf4
28. gxf4 Rec8 29. d5 exd5 30. Bxd5+ Kh8 31. c7 Rb5 32. Bc6 Rb6 33. Re7 g5 34.
f5 h5 35. Bd7 1-0

[Event "Beograd"]
[Site "Beograd"]
[Date "2014.03.08"]
[Round "6"]
[White "Velikic, Adela"]
[Black "Petrenko, Svetlana"]
[Result "1/2-1/2"]
[WhiteElo "2078"]
[BlackElo "2216"]
[PlyCount "91"]
[EventDate "2014.??.??"]
[Source "Perpetual Check"]

1. e4 c5 2. Nf3 Nc6 3. d4 cxd4 4. Nxd4 Nf6 5. Nc3 e5 6. Ndb5 d6 7. Bg5 a6 8.
Na3 b5 9. Nd5 Be7 10. Bxf6 Bxf6 11. c4 b4 12. Nc2 a5 13. Be2 O-O 14. O-O Bg5
15. Qd3 g6 16. Rad1 Bb7 17. a3 bxa3 18. Qxa3 Re8 19. Nc3 Qb6 20. Na4 Qa7 21.
Qxd6 Nb4 22. Na3 Bxe4 23. Nb5 Qe7 24. Nb6 Rad8 25. Qxe7 Bxe7 26. Rxd8 Rxd8 27.
Rd1 Rxd1+ 28. Bxd1 Bd3 29. b3 e4 30. Nc3 f5 31. Ncd5 Nxd5 32. Nxd5 Kf7 33. g3
Bc5 34. Kg2 Bd4 35. h4 h6 36. Nf4 Bb1 37. Nd5 Ke6 38. Nf4+ Kf6 39. Nd5+ Kf7 40.
b4 axb4 41. Nxb4 Ke6 42. Bc2 Bxc2 43. Nxc2 Bc5 44. Na1 Ke5 45. Nb3 Bb6 46. Kg1
1/2-1/2

[Event "Beograd"]
[Site "Beograd"]
[Date "2014.03.08"]
[Round "6"]
[White "Vega Gutierrez, Belinda"]
[Black "Chelushkina, Irina"]
[Result "1-0"]
[WhiteElo "2203"]
[BlackElo "2261"]
[PlyCount "77"]
[EventDate "2014.??.??"]
[Source "Perpetual Check"]

1. e4 c6 2. Nc3 d6 3. d4 e5 4. Nf3 Nd7 5. a4 Be7 6. Bc4 Ngf6 7. O-O O-O 8. Re1
h6 9. b3 d5 10. exd5 Bb4 11. Bd2 exd4 12. Nxd4 Nb6 13. Nf3 Nxc4 14. bxc4 Qa5
15. Ne4 Nxe4 16. Rxe4 Bf5 17. Rd4 c5 18. Rf4 Bh7 19. Bxb4 Qxb4 20. h4 Qc3 21.
Ne1 Rfe8 22. Nd3 b6 23. a5 bxa5 24. Nxc5 Bxc2 25. Qd4 Re1+ 26. Rxe1 Qxe1+ 27.
Kh2 a4 28. Qb2 Bb3 29. Rg4 g5 30. hxg5 h5 31. Re4 Qb4 32. g6 Qxc5 33. gxf7+
Kxf7 34. Rf4+ Kg8 35. Qe5 Bd1 36. Qg5+ Kh8 37. Qh6+ Kg8 38. Qg6+ Kh8 39. Rf7
1-0